000 00628nam a2200241Ia 4500
008 170203s9999 xx 000 0 und d
020 _a0-140314644
050 _aFic
050 _b.D131j 1982
100 _aGeorge, Richard
245 _aRoald Dahl's James and the giant peach :
245 _ba play /
245 _cadapted by Richard R. George ; introduction by Roald Dahl.
260 _aEngland :
260 _bPenguin Group
260 _c1982
300 _a91 pages ;
300 _bill. ;
300 _c20 cm.
500 _a"Puffin books."
650 _aChildren's plays, American.
650 _aPlays.
999 _c306034
_d306034